[Event "Bundesliga"]
[Site "Baden Baden GER"]
[Date "2012.12.08"]
[EventDate "2012.10.20"]
[Round "5"]
[Result "0-1"]
[White "Boris Grachev"]
[Black "Arkadij Naiditsch"]
[WhiteElo "2672"]
[BlackElo "2704"]
[PlyCount "124"]

1. d4 Nf6 2. c4 e6 3. Nc3 Bb4 4. Bg5 c5 5. d5 h6 6. Bh4 d6
7. e3 exd5 8. cxd5 Nbd7 9. Bd3 Qa5 10. Ne2 Nxd5 11. O-O Bxc3
12. bxc3 O-O 13. Rc1 Ne5 14. Bb1 Bg4 15. Qxd5 Bxe2 16. Rfe1
Bc4 17. Qxd6 f6 18. Red1 Bxa2 19. f4 Nf7 20. Bxa2 Qxa2
21. Qxc5 Rfd8 22. e4 b6 23. Qe3 Rxd1+ 24. Rxd1 Re8 25. Bg3 Qc2
26. Re1 Qb3 27. e5 fxe5 28. fxe5 Qe6 29. Qe4 Rc8 30. Qb7 a5
31. Bf2 Rc6 32. Bd4 Kh7 33. Rf1 Nd8 34. Qa8 Qd7 35. Rb1 Ne6
36. Bxb6 Nf4 37. Bd4 Qd5 38. Rb2 Nh3+ 39. Kf1 Rf6+ 40. exf6
Qxa8 41. gxh3 Qh1+ 42. Ke2 Qxh2+ 43. Bf2 Qe5+ 44. Kd3 Qxf6
45. Bd4 Qf1+ 46. Ke4 a4 47. Kd5 a3 48. Rb6 a2 49. c4 Qf5+
50. Kd6 Qd3 51. Kc5 Qxd4+ 52. Kxd4 a1=Q+ 53. Kd5 Qd1+ 54. Kc5
Kg8 55. Rd6 Qb3 56. h4 h5 57. Rd4 Qe3 58. Kd5 Kf7 59. Re4 Qd3+
60. Ke5 Qg3+ 61. Kd5 g5 62. hxg5 h4 0-1

[Event "12th MetLife Amplico European (Rapid)"]
[Site "Warsaw POL"]
[Date "2012.12.15"]
[EventDate "2012.12.15"]
[Round "2.6"]
[Result "0-1"]
[White "Jonathan Zaczek"]
[Black "Arkadij Naiditsch"]
[WhiteElo "2118"]
[BlackElo "2708"]
[PlyCount "78"]

1. e4 c5 2. Nf3 Nc6 3. d4 cxd4 4. Nxd4 Qb6 5. Nf3 e6 6. Bd3
Nf6 7. O-O d6 8. c4 Be7 9. Nc3 O-O 10. b3 a6 11. Bb2 Bd7
12. Qe2 Qa5 13. Rad1 Rfd8 14. Rfe1 Rab8 15. a3 Qh5 16. h3 Re8
17. b4 Rbd8 18. Nb1 Bc8 19. Nbd2 a5 20. Bc3 axb4 21. axb4 d5
22. e5 dxc4 23. Bxc4 Nd5 24. Bxd5 Rxd5 25. b5 Nb4 26. Ne4 Bd7
27. Ng3 Qg6 28. Qb2 Nd3 29. Rxd3 Qxd3 30. b6 Rc8 31. Re3 Qd1+
32. Kh2 Rb5 33. Qa2 Bc5 34. Re2 Qd5 35. Qa1 Rxb6 36. Ne4 Be7
37. Nf6+ gxf6 38. exf6 Ra6 39. Qc1 Bxf6 0-1

[Event "12th MetLife Amplico European (Rapid)"]
[Site "Warsaw POL"]
[Date "2012.12.15"]
[EventDate "2012.12.15"]
[Round "3.5"]
[Result "1-0"]
[White "Arkadij Naiditsch"]
[Black "Oskar Wieczorek"]
[WhiteElo "2708"]
[BlackElo "2316"]
[PlyCount "59"]

1. e4 c5 2. Nf3 d6 3. Nc3 Nc6 4. d4 cxd4 5. Nxd4 Nf6 6. Bg5
Bd7 7. Qd2 Rc8 8. f3 Nxd4 9. Qxd4 Qa5 10. h4 e6 11. O-O-O Be7
12. Be3 a6 13. g4 O-O 14. g5 Nh5 15. Rg1 f5 16. Kb1 f4 17. Qb6
Qxb6 18. Bxb6 Rc6 19. Bf2 Rfc8 20. Bd3 g6 21. Ne2 R6c7 22. Be1
Rf8 23. Ba5 Rcc8 24. c3 Be8 25. Bb4 Bf7 26. e5 Rfd8 27. Bc2
Rc6 28. exd6 Bxd6 29. Be4 Rb6 30. Ba5 1-0

[Event "12th MetLife Amplico European (Rapid)"]
[Site "Warsaw POL"]
[Date "2012.12.15"]
[EventDate "2012.12.15"]
[Round "4.4"]
[Result "0-1"]
[White "Kirill Stupak"]
[Black "Arkadij Naiditsch"]
[WhiteElo "2526"]
[BlackElo "2708"]
[PlyCount "72"]

1. d4 Nf6 2. g3 c5 3. d5 e6 4. c4 exd5 5. cxd5 g6 6. Nc3 Bg7
7. Nf3 O-O 8. Bg2 d6 9. O-O a6 10. a4 Nbd7 11. Nd2 Re8 12. h3
Qc7 13. Nc4 Ne5 14. Na3 b6 15. f4 Ned7 16. e4 Rb8 17. Qd3 h5
18. Bd2 Nh7 19. Rae1 b5 20. axb5 axb5 21. Naxb5 Qb6 22. Ra1
Ba6 23. Rxa6 Qxa6 24. Rb1 Rec8 25. Qc4 Nb6 26. Qe2 Bxc3
27. Nxc3 Qxe2 28. Nxe2 Na4 29. b3 c4 30. b4 c3 31. Be3 c2
32. Rc1 Rxb4 33. Nd4 Rb1 34. Nc6 Ra8 35. Kf2 Rxc1 36. Bxc1 Nc5
0-1

[Event "12th MetLife Amplico European (Rapid)"]
[Site "Warsaw POL"]
[Date "2012.12.15"]
[EventDate "2012.12.15"]
[Round "5.3"]
[Result "1-0"]
[White "Arkadij Naiditsch"]
[Black "Jean-Pierre Le Roux"]
[WhiteElo "2708"]
[BlackElo "2569"]
[PlyCount "87"]

1. e4 e5 2. Nf3 Nc6 3. Bb5 Nge7 4. c3 a6 5. Ba4 g6 6. d4 exd4
7. cxd4 b5 8. Bb3 Bg7 9. d5 Na5 10. Bd2 Nxb3 11. axb3 O-O
12. Bc3 c5 13. Bxg7 Kxg7 14. Nc3 b4 15. Ne2 d6 16. Nf4 Re8
17. O-O Ng8 18. Re1 Bg4 19. Nd3 Qf6 20. h3 Bxf3 21. Qxf3 Qxf3
22. gxf3 Nf6 23. Ra5 Nd7 24. Rea1 Nb6 25. Rxa6 Rab8 26. R1a5
Rec8 27. Rb5 c4 28. Nxb4 Nd7 29. Rxb8 Rxb8 30. Rxd6 Ne5 31. f4
Nd3 32. Nc6 Rxb3 33. Ne5 Rxb2 34. Rd7 Rb1+ 35. Kh2 Nxf2
36. Rxf7+ Kg8 37. d6 Rd1 38. d7 c3 39. Re7 c2 40. Re8+ Kg7
41. Rc8 Nxe4 42. Rxc2 Kf6 43. Rc8 Rd2+ 44. Kg1 1-0

[Event "12th MetLife Amplico European (Rapid)"]
[Site "Warsaw POL"]
[Date "2012.12.15"]
[EventDate "2012.12.15"]
[Round "6.2"]
[Result "0-1"]
[White "Evgeny Romanov"]
[Black "Arkadij Naiditsch"]
[WhiteElo "2616"]
[BlackElo "2708"]
[PlyCount "56"]

1. c4 Nf6 2. Nc3 e6 3. d4 Bb4 4. e3 O-O 5. Ne2 d5 6. cxd5 exd5
7. g3 Re8 8. Bg2 a5 9. O-O Na6 10. Nf4 c6 11. f3 Nc7 12. g4
Ne6 13. Nce2 Bd6 14. Nxe6 Bxe6 15. Nf4 c5 16. dxc5 Bxc5 17. g5
Nd7 18. Nxd5 Nb6 19. Nxb6 Qxb6 20. f4 Bc4 21. Rf2 Rad8 22. Qc2
Ba6 23. Bd2 Rxe3 24. Bxe3 Bxe3 25. Be4 g6 26. b3 Rd2 27. Qc8+
Kg7 28. Qc3+ Qd4 0-1

[Event "12th MetLife Amplico European (Rapid)"]
[Site "Warsaw POL"]
[Date "2012.12.16"]
[EventDate "2012.12.15"]
[Round "9.2"]
[Result "1/2-1/2"]
[White "Arkadij Naiditsch"]
[Black "Gabriel Sargissian"]
[WhiteElo "2708"]
[BlackElo "2666"]
[PlyCount "124"]

1. e4 e5 2. Nf3 Nc6 3. Bb5 a6 4. Ba4 Nf6 5. O-O Be7 6. d3 b5
7. Bb3 d6 8. a4 b4 9. Nbd2 O-O 10. h3 Na5 11. Ba2 c5 12. Nh2
Be6 13. Bxe6 fxe6 14. Ng4 Qe8 15. Nxf6+ Rxf6 16. Nc4 Nc6
17. f4 exf4 18. Bxf4 Rd8 19. Qd2 d5 20. exd5 exd5 21. Ne3 Re6
22. Nf5 Bf6 23. c3 Re2 24. Rae1 Rxd2 25. Rxe8+ Rxe8 26. Bxd2
b3 27. Nh6+ Kf8 28. Ng4 Re6 29. Rf5 Ne5 30. Nxe5 Rxe5 31. Rxe5
Bxe5 32. Kf2 Ke7 33. Kf3 Ke6 34. Bc1 g6 35. Bd2 Kd7 36. Bc1
Kc6 37. Kg4 Bf6 38. Kf4 Kb6 39. c4 dxc4 40. dxc4 Ka5 41. Ke4
Kxa4 42. Kd5 Bd4 43. g4 g5 44. Ke4 h6 45. Kd5 Ka5 46. Kc6 Kb4
47. Kd5 Ka5 48. Kc6 Ka4 49. Kd5 Bg1 50. Bd2 Bd4 51. Bc1 Ka5
52. Kc6 Kb4 53. Kd5 Ka4 54. Kc6 Kb4 55. Kd5 Ka5 56. Kc6 Ka4
57. Kd5 a5 58. Ke4 Bf2 59. Bd2 Bg3 60. Bc3 Bf2 61. Kd3 Bg1
62. Kd2 Bf2 1/2-1/2

[Event "Amplico ch-EUR Blitz"]
[Site "Warsaw POL"]
[Date "2012.12.14"]
[EventDate "2012.12.14"]
[Round "4.1"]
[Result "1-0"]
[White "Arkadij Naiditsch"]
[Black "Maxim Turov"]
[WhiteElo "2708"]
[BlackElo "2630"]
[PlyCount "47"]

1. e4 c6 2. d4 d5 3. exd5 cxd5 4. c4 Nf6 5. Nc3 Nc6 6. Bg5 Be6
7. Be2 h6 8. Bxf6 exf6 9. Bf3 Bb4 10. Ne2 O-O 11. O-O Ne7
12. c5 Ba5 13. Nf4 Bxc3 14. bxc3 b6 15. Re1 Qd7 16. Qe2 bxc5
17. Nxe6 fxe6 18. Qxe6+ Qxe6 19. Rxe6 Ng6 20. dxc5 Nf4 21. Rd6
Rac8 22. g3 Nd3 23. Bxd5+ Kh8 24. c6 1-0

[Event "Amplico ch-EUR Blitz"]
[Site "Warsaw POL"]
[Date "2012.12.14"]
[EventDate "2012.12.14"]
[Round "4.2"]
[Result "0-1"]
[White "Maxim Turov"]
[Black "Arkadij Naiditsch"]
[WhiteElo "2630"]
[BlackElo "2708"]
[PlyCount "82"]

1. c4 Nf6 2. Nc3 e6 3. d4 Bb4 4. Qc2 O-O 5. a3 Bxc3+ 6. Qxc3
b5 7. cxb5 c6 8. Bg5 cxb5 9. e3 Bb7 10. Nf3 h6 11. Bh4 g5
12. Bg3 Ne4 13. Qd3 a6 14. Nd2 f5 15. Nxe4 Bxe4 16. Qd2 Nc6
17. Bd6 Na5 18. Rd1 Rf7 19. f3 Nb3 20. Qc3 Bd5 21. Bd3 Rc8
22. Qb4 Qb6 23. Be5 Nc1 24. O-O Nxd3 25. Rxd3 Bc4 26. Rc3 a5
27. Rxc4 Rxc4 28. Qe1 d6 29. Bg3 Rfc7 30. h4 b4 31. hxg5 hxg5
32. Bh2 Rc1 33. Qxc1 Rxc1 34. Rxc1 bxa3 35. bxa3 f4 36. exf4
Qxd4+ 37. Kh1 gxf4 38. Bg1 Qb2 39. Rc8+ Kf7 40. a4 Qb4 41. Rc6
e5 0-1

[Event "Amplico ch-EUR Blitz"]
[Site "Warsaw POL"]
[Date "2012.12.14"]
[EventDate "2012.12.14"]
[Round "5.2"]
[Result "1/2-1/2"]
[White "Arkadij Naiditsch"]
[Black "Tigran Levonovich Petrosian"]
[WhiteElo "2708"]
[BlackElo "2648"]
[PlyCount "145"]

1. e4 d6 2. d4 g6 3. Nc3 a6 4. Be3 b5 5. h4 h5 6. Qd2 Bb7
7. Bd3 Nd7 8. Nf3 Ngf6 9. Ng5 e5 10. O-O-O Bg7 11. f4 Ng4
12. dxe5 Nxe3 13. Qxe3 dxe5 14. f5 Qe7 15. Kb1 O-O-O 16. Nd5
Bxd5 17. exd5 Nb6 18. fxg6 fxg6 19. Bxg6 e4 20. Qxe4 Qxe4
21. Bxe4 Rde8 22. d6 Rhf8 23. Bg6 Re2 24. Bxh5 Rxg2 25. Ne6
Rh8 26. Bf3 Rg3 27. Rd3 Be5 28. Nxc7 Nc4 29. c3 Rxf3 30. Rxf3
Nd2+ 31. Kc2 Nxf3 32. Nxa6 Bxd6 33. h5 Ne5 34. Kb3 Nc6 35. h6
Rh7 36. Rh5 Kb7 37. Nb4 Nxb4 38. cxb4 Kc6 39. a4 bxa4+
40. Kxa4 Bf4 41. Kb3 Bxh6 42. Rh3 Rh8 43. Rh5 Rh7 44. Rh3 Kd5
45. Rh5+ Ke6 46. Rh1 Kf5 47. b5 Kg6 48. Kc4 Rc7+ 49. Kd5 Be3
50. b4 Rb7 51. Kc4 Kf5 52. Rh5+ Ke4 53. Rh8 Rc7+ 54. Kb3 Kd3
55. Rd8+ Bd4 56. b6 Rb7 57. Rd6 Ke4 58. Kc4 Bxb6 59. Re6+ Kf5
60. Re8 Rd7 61. Kb5 Bd4 62. Kc6 Rh7 63. Kd5 Bf6 64. b5 Rh1
65. b6 Rb1 66. Kc6 Rc1+ 67. Kd5 Rd1+ 68. Kc6 Be5 69. b7 Rc1+
70. Kd5 Rd1+ 71. Kc6 Rb1 72. Rxe5+ Kxe5 73. Kc7 1/2-1/2

[Event "Tata Steel Group B"]
[Site "Wijk aan Zee NED"]
[Date "2013.01.12"]
[EventDate "2013.01.12"]
[Round "1"]
[Result "1/2-1/2"]
[White "Sergei Movsesian"]
[Black "Arkadij Naiditsch"]
[WhiteElo "2688"]
[BlackElo "2708"]
[PlyCount "88"]

1. c4 Nf6 2. Nc3 e6 3. e4 d5 4. e5 d4 5. exf6 dxc3 6. bxc3
Qxf6 7. Nf3 e5 8. Bd3 Bg4 9. Be4 Nd7 10. Bxb7 Rb8 11. Bd5 c6
12. Be4 Nc5 13. Qe2 Nxe4 14. Qxe4 Bxf3 15. Qxf3 Qxf3 16. gxf3
Kd7 17. Ke2 Bd6 18. Rd1 Rhe8 19. d3 f5 20. h3 f4 21. Kf1 g5
22. d4 exd4 23. cxd4 Rb4 24. c5 Bf8 25. Ba3 Ra4 26. Rd3 Bg7
27. Rb1 Ke6 28. Rb7 Rxd4 29. Rdb3 Rd1+ 30. Ke2 Red8 31. Bb4
R8d7 32. Bc3 Bf8 33. R7b4 Bxc5 34. Rc4 R1d5 35. Rb8 Kf5
36. Re8 Bd4 37. Rf8+ Ke5 38. Re8+ Kf5 39. Rf8+ Ke5 40. Rxc6
Bxc3 41. Re8+ Kf5 42. Rf8+ Ke5 43. Re8+ Kf5 44. Rf8+ Ke5
1/2-1/2

[Event "Bundesliga"]
[Site "Baden Baden GER"]
[Date "2013.03.16"]
[EventDate "2012.10.20"]
[Round "11"]
[Result "0-1"]
[White "Aleksander Mista"]
[Black "Arkadij Naiditsch"]
[WhiteElo "2543"]
[BlackElo "2704"]
[PlyCount "132"]

1. c4 e5 2. g3 Nf6 3. Bg2 c6 4. d4 e4 5. Nc3 d5 6. Bg5 Nbd7
7. cxd5 cxd5 8. Qb3 h6 9. Bxf6 Nxf6 10. e3 Qa5 11. Ne2 Qb4
12. O-O Qxb3 13. axb3 Bd6 14. f3 exf3 15. Bxf3 Be6 16. Nf4
Bxf4 17. gxf4 g6 18. Ra5 O-O 19. Rfa1 a6 20. b4 Rfd8 21. Kf2
h5 22. h4 Rd6 23. Ke1 Re8 24. Kd2 Rb6 25. b5 Bd7 26. bxa6 bxa6
27. R1a2 Rbe6 28. Nd1 Bb5 29. R2a3 Bc4 30. Rc3 Rb6 31. Kc2
Reb8 32. Raa3 Kg7 33. b3 Bb5 34. Rc5 Bd7 35. Nc3 Bf5+ 36. Kb2
Re8 37. Nxd5 Nxd5 38. Bxd5 Rxe3 39. Bc4 Rh3 40. Rxa6 Rxa6
41. Bxa6 Rxh4 42. b4 Rxf4 43. b5 Rxd4 44. Kc3 Rd3+ 45. Kb4 Rd1
46. Bb7 h4 47. Bf3 Rb1+ 48. Ka5 Ra1+ 49. Kb4 Re1 50. b6 Bd3
51. Bd5 Rb1+ 52. Ka5 h3 53. b7 Bf1 54. Be4 Rb2 55. Rc2 Rb5+
56. Ka4 f5 57. Bd5 g5 58. Rc5 Rxb7 59. Bxb7 Bg2 60. Rxf5 Kg6
61. Rb5 Bxb7 62. Rb6+ Kf5 63. Rxb7 g4 64. Rh7 Kf4 65. Kb3 Kg3
66. Kc3 Kh2 0-1

[Event "French Team Championship"]
[Site "Haguenau FRA"]
[Date "2013.05.30"]
[EventDate "2013.05.30"]
[Round "1.2"]
[Result "1/2-1/2"]
[White "Arkadij Naiditsch"]
[Black "Olivier Renet"]
[WhiteElo "2710"]
[BlackElo "2469"]
[PlyCount "140"]

1. e4 c5 2. Nf3 d6 3. d4 cxd4 4. Nxd4 Nf6 5. Nc3 a6 6. Bg5
Nbd7 7. f4 Qc7 8. Qe2 e6 9. O-O-O b5 10. g4 Bb7 11. Bg2 Rc8
12. Kb1 Be7 13. a3 O-O 14. Bxf6 Bxf6 15. g5 Bxd4 16. Rxd4 e5
17. Rd3 exf4 18. Qh5 f3 19. Bh3 Rce8 20. Bxd7 Qxd7 21. Qxf3 f5
22. gxf6 Rxf6 23. Qe3 Rfe6 24. Re1 Qc7 25. Qf4 Rf6 26. Qd2 Qc5
27. Nd5 Rf2 28. Qd1 Rxh2 29. Rc3 Qf2 30. e5 Qd2 31. Ne3 dxe5
32. Rc7 Be4 33. Qxd2 Rxd2 34. Kc1 Rh2 35. Rg1 Bg6 36. Nd5 Kh8
37. Re1 Rf2 38. Ne7 Rxe7 39. Rxe7 Rxc2+ 40. Kd1 Rxb2 41. R1xe5
h6 42. R5e6 Rg2 43. Rxa6 Bd3 44. Ke1 Kh7 45. Rd6 Bc4 46. Rd4
Bb3 47. Rb4 Ba4 48. Kf1 Rg5 49. Rb2 Kg6 50. Rb7 h5 51. Rb6+
Kh7 52. Rg2 Rf5+ 53. Kg1 Bd1 54. Rb7 Bg4 55. Rb2 Rf3 56. Ra7
Rf5 57. Ra5 Rf3 58. Rbxb5 Kh6 59. Ra8 g6 60. a4 Ra3 61. a5 Bf5
62. a6 Kg5 63. a7 Kf4 64. Rb2 Be4 65. Rf8+ Ke3 66. Rb4 Rxa7
67. Rb3+ Kd4 68. Rb4+ Ke3 69. Rb3+ Kd4 70. Rb4+ Ke3 1/2-1/2

[Event "French Team Championship"]
[Site "Haguenau FRA"]
[Date "2013.05.31"]
[EventDate "2013.05.30"]
[Round "2.2"]
[Result "1-0"]
[White "Richard Rapport"]
[Black "Arkadij Naiditsch"]
[WhiteElo "2674"]
[BlackElo "2710"]
[PlyCount "73"]

1. d4 Nf6 2. c4 e6 3. Nc3 d5 4. cxd5 Nxd5 5. e4 Nxc3 6. bxc3
c5 7. Nf3 cxd4 8. cxd4 Bb4+ 9. Bd2 Bxd2+ 10. Qxd2 O-O 11. Rd1
Nc6 12. Be2 Qa5 13. Rc1 Rd8 14. Qxa5 Nxa5 15. Kd2 Bd7 16. Ke3
Rac8 17. h4 Kf8 18. g4 h6 19. Ne5 Nc6 20. f4 Be8 21. g5 Nb4
22. Bc4 Ba4 23. g6 fxg6 24. Rhg1 b5 25. Bxe6 Rxc1 26. Rxc1
Nc2+ 27. Rxc2 Bxc2 28. d5 Bb1 29. a3 a5 30. Nc6 Re8 31. e5 Ba2
32. Kd4 Ra8 33. Bd7 b4 34. axb4 a4 35. e6 a3 36. e7+ Kf7
37. d6 1-0

[Event "French Team Championship"]
[Site "Haguenau FRA"]
[Date "2013.06.01"]
[EventDate "2013.05.30"]
[Round "3.4"]
[Result "1-0"]
[White "Arkadij Naiditsch"]
[Black "Manuel Apicella"]
[WhiteElo "2710"]
[BlackElo "2532"]
[PlyCount "81"]

1. e4 e6 2. d4 d5 3. Nc3 Bb4 4. e5 Ne7 5. a3 Bxc3+ 6. bxc3 c5
7. h4 Qc7 8. h5 h6 9. Nf3 Bd7 10. Rh4 cxd4 11. cxd4 Ba4
12. Bd2 Nbc6 13. Rg4 Nf5 14. Bd3 O-O-O 15. Qb1 Kb8 16. Qb2
Rdg8 17. Rc1 g6 18. c4 Qd7 19. cxd5 exd5 20. Rf4 Nfe7 21. Rxf7
gxh5 22. Bb4 Nxb4 23. Qxb4 Nc6 24. Qd6+ Qxd6 25. exd6 Rxg2
26. Kf1 Rg4 27. Rb1 b6 28. Ba6 Rd8 29. Rc1 Rgg8 30. d7 Ka8
31. Ne5 Nxe5 32. dxe5 Bxd7 33. Rc7 h4 34. Rcxd7 Rxd7 35. Rxd7
h3 36. e6 h2 37. Bb7+ Kb8 38. Bxd5 Rg1+ 39. Ke2 Rg5 40. e7
Re5+ 41. Kf1 1-0

[Event "French Team Championship"]
[Site "Haguenau FRA"]
[Date "2013.06.02"]
[EventDate "2013.05.30"]
[Round "4.3"]
[Result "0-1"]
[White "Konstantin Landa"]
[Black "Arkadij Naiditsch"]
[WhiteElo "2644"]
[BlackElo "2710"]
[PlyCount "38"]

1. e4 e6 2. d4 d5 3. Nc3 Bb4 4. e5 c5 5. Bd2 Ne7 6. Nb5 Bxd2+
7. Qxd2 O-O 8. dxc5 Nd7 9. Nf3 Nxc5 10. Bd3 Qb6 11. Rb1 Nxd3+
12. Qxd3 Bd7 13. Nc3 Rac8 14. O-O Rc4 15. Ne2 Ng6 16. Ned4 Nf4
17. Qe3 Rxd4 18. g3 Re4 19. Qxb6 Ne2+ 0-1

[Event "French Team Championship"]
[Site "Haguenau FRA"]
[Date "2013.06.03"]
[EventDate "2013.05.30"]
[Round "5.3"]
[Result "1-0"]
[White "Arkadij Naiditsch"]
[Black "Gabor Kallai"]
[WhiteElo "2710"]
[BlackElo "2473"]
[PlyCount "71"]

1. e4 c6 2. d4 d5 3. e5 Bf5 4. Nf3 e6 5. Be2 Nd7 6. O-O Bg6
7. Nbd2 Nh6 8. Nb3 f6 9. c4 Nf7 10. cxd5 cxd5 11. exf6 gxf6
12. Re1 Bb4 13. Bd2 Bxd2 14. Qxd2 O-O 15. Bb5 e5 16. Bxd7 Qxd7
17. dxe5 fxe5 18. Nxe5 Qd6 19. Nxf7 Rxf7 20. Nd4 Rc8 21. Rac1
Rxc1 22. Qxc1 Re7 23. h3 Rxe1+ 24. Qxe1 Kf7 25. Qe3 a6 26. a3
Kf6 27. Nf3 Be4 28. Qd4+ Ke7 29. Qg7+ Kd8 30. Nd4 Kc8 31. b4
Kb8 32. Ne2 Bg6 33. Qd4 h5 34. Nf4 Bf7 35. Nd3 Bg6 36. Nc5 1-0

[Event "Dortmund"]
[Site "Dortmund GER"]
[Date "2013.07.26"]
[EventDate "2013.07.26"]
[Round "1.2"]
[Result "1-0"]
[White "Georg Meier"]
[Black "Arkadij Naiditsch"]
[WhiteElo "2610"]
[BlackElo "2710"]
[PlyCount "105"]

1. d4 Nf6 2. c4 g6 3. Nc3 d5 4. Qb3 dxc4 5. Qxc4 Be6 6. Qb5+
Bd7 7. Qb3 c5 8. dxc5 Bc6 9. Nf3 Nbd7 10. Nd4 Nxc5 11. Qc4 Qb6
12. Nxc6 Qxc6 13. b4 Ncd7 14. Qxc6 bxc6 15. e3 e6 16. a3 Bg7
17. Rb1 Nb6 18. Ba6 Rb8 19. Bd2 Nfd5 20. Nxd5 cxd5 21. Ke2 Na4
22. Rhc1 Kd7 23. Rc2 Rb6 24. b5 Rhb8 25. Rbc1 Be5 26. f4 Bd6
27. Bb4 Ke8 28. Rc7 Bxb4 29. axb4 Nb2 30. R1c6 Nc4 31. Rxa7
Nd6 32. Rcc7 h5 33. g3 Kf8 34. Kd3 Kg7 35. h3 Kf6 36. g4 g5
37. gxh5 gxf4 38. exf4 Kg7 39. Kc3 Kh6 40. Rc6 Nxb5+ 41. Bxb5
Rxb5 42. Rxf7 Kxh5 43. Rxe6 Kh4 44. Rg7 Rh8 45. Rd6 Rh5
46. Rg5 Rxg5 47. fxg5 Kxg5 48. Kb3 Kf5 49. Ka4 Rb8 50. Rxd5+
Ke6 51. Rd3 Ra8+ 52. Kb3 Rb8 53. h4 1-0

[Event "Dortmund"]
[Site "Dortmund GER"]
[Date "2013.07.27"]
[EventDate "2013.07.26"]
[Round "2"]
[Result "1/2-1/2"]
[White "Arkadij Naiditsch"]
[Black "Vladimir Kramnik"]
[WhiteElo "2710"]
[BlackElo "2784"]
[PlyCount "77"]

1. e4 e5 2. Nf3 Nc6 3. Bb5 Nf6 4. O-O Nxe4 5. Re1 Nd6 6. Nxe5
Be7 7. Bf1 Nxe5 8. Rxe5 O-O 9. Nc3 Ne8 10. Nd5 Bd6 11. Re1 c6
12. Ne3 Bc7 13. Nf5 d5 14. Ne7+ Kh8 15. Nxc8 Rxc8 16. d3 Nf6
17. c3 Qd7 18. g3 Rce8 19. Bd2 Qf5 20. Kg2 Ng4 21. f3 Ne5
22. Bf4 g5 23. Bxe5+ Rxe5 24. Rxe5 Qxe5 25. d4 Qe3 26. Qc2 f5
27. Bd3 g4 28. Rf1 f4 29. Qe2 Re8 30. Rf2 fxg3 31. hxg3 Kg7
32. Qxe3 Rxe3 33. Bf5 h5 34. Bc8 b6 35. Bb7 Re6 36. Bc8 Re3
37. Bb7 Re6 38. Bc8 Re3 39. Bb7 1/2-1/2

[Event "Dortmund"]
[Site "Dortmund GER"]
[Date "2013.07.28"]
[EventDate "2013.07.26"]
[Round "3"]
[Result "1/2-1/2"]
[White "Daniel Fridman"]
[Black "Arkadij Naiditsch"]
[WhiteElo "2629"]
[BlackElo "2710"]
[PlyCount "45"]

1. d4 Nf6 2. c4 g6 3. Nc3 d5 4. cxd5 Nxd5 5. g3 Bg7 6. Bg2
Nxc3 7. bxc3 c5 8. Nf3 Nc6 9. O-O cxd4 10. cxd4 Nxd4 11. Nxd4
Qxd4 12. Rb1 O-O 13. Qxd4 Bxd4 14. Bh6 Bg7 15. Bxg7 Kxg7
16. Bxb7 Rb8 17. Bxc8 Rfxc8 18. Rxb8 Rxb8 19. Rc1 Rb2 20. Rc7
Rxa2 21. Rxe7 Kf6 22. Rb7 Rxe2 23. Rxa7 1/2-1/2

[Event "Dortmund"]
[Site "Dortmund GER"]
[Date "2013.07.29"]
[EventDate "2013.07.26"]
[Round "4.2"]
[Result "1-0"]
[White "Arkadij Naiditsch"]
[Black "Dmitry Andreikin"]
[WhiteElo "2710"]
[BlackElo "2727"]
[PlyCount "97"]

1. e4 e5 2. Nf3 Nc6 3. Bb5 a6 4. Ba4 Bc5 5. c3 Nf6 6. d4 Ba7
7. O-O O-O 8. Bg5 h6 9. Bh4 exd4 10. Qc1 d6 11. Bxc6 bxc6
12. cxd4 g5 13. Nxg5 Nxe4 14. Nf3 Qd7 15. Nc3 f5 16. Qxh6 Qg7
17. Qxg7+ Kxg7 18. Rac1 Bb7 19. Ne2 Bb6 20. Nf4 Rfe8 21. Rfd1
a5 22. d5 c5 23. Ng5 Ba6 24. Nfe6+ Kg6 25. Nxe4 fxe4 26. Rc3
Rg8 27. Rg3+ Kh5 28. Bg5 Kg6 29. Bd8+ Kf7 30. Rxg8 Kxg8
31. Bxc7 Bxc7 32. Nxc7 Ra7 33. Ne8 Bd3 34. Nxd6 Rd7 35. Nf5
Rb7 36. Rd2 a4 37. a3 c4 38. h4 Kf8 39. Kh2 Rb3 40. Nd4 c3
41. Nxb3 axb3 42. bxc3 Bc2 43. Rd4 b2 44. Rb4 b1=Q 45. Rxb1
Bxb1 46. Kg3 Ke7 47. Kf4 Kd6 48. c4 Bd3 49. h5 1-0

[Event "Dortmund"]
[Site "Dortmund GER"]
[Date "2013.07.30"]
[EventDate "2013.07.26"]
[Round "5"]
[Result "1/2-1/2"]
[White "Fabiano Caruana"]
[Black "Arkadij Naiditsch"]
[WhiteElo "2796"]
[BlackElo "2710"]
[PlyCount "106"]

1. e4 e5 2. Nf3 Nc6 3. d4 exd4 4. Nxd4 Nf6 5. Nc3 Bb4 6. Nxc6
bxc6 7. Bd3 d5 8. exd5 cxd5 9. O-O O-O 10. h3 Rb8 11. Qf3 Re8
12. Bg5 c6 13. Ne2 Bd6 14. Bxf6 Qxf6 15. Qxf6 gxf6 16. b3 Rb6
17. Ng3 c5 18. Nh5 Be5 19. Rad1 f5 20. f4 Bc3 21. Rf3 d4
22. Ng3 Rf6 23. Bb5 Re1+ 24. Rxe1 Bxe1 25. Kf1 Bd2 26. Bd3 Be3
27. Nh5 Rb6 28. g4 Rh6 29. Rg3 Kf8 30. Be2 Bb7 31. g5 Re6
32. h4 Be4 33. Bd3 a5 34. Bxe4 fxe4 35. Ke2 c4 36. f5 Re5
37. Nf6 Rxf5 38. Rg2 cxb3 39. axb3 Rf4 40. h5 Kg7 41. Ne8+ Kh8
42. Nd6 Bc1 43. g6 fxg6 44. hxg6 hxg6 45. Rxg6 Ba3 46. Re6 e3
47. Kd3 Bxd6 48. Rxd6 Kg7 49. Re6 Kf7 50. Re5 Kf6 51. Re8 Kf7
52. Re5 Kf6 53. Re8 Kf7 1/2-1/2

[Event "Dortmund"]
[Site "Dortmund GER"]
[Date "2013.08.01"]
[EventDate "2013.07.26"]
[Round "6"]
[Result "0-1"]
[White "Arkadij Naiditsch"]
[Black "Michael Adams"]
[WhiteElo "2710"]
[BlackElo "2740"]
[PlyCount "52"]

1. d4 Nf6 2. c4 e6 3. Nc3 d5 4. Bg5 Be7 5. Nf3 Nbd7 6. e3 h6
7. Bh4 O-O 8. Bd3 dxc4 9. Bxc4 a6 10. a4 c5 11. O-O cxd4
12. exd4 Nb6 13. Bd3 Nbd5 14. Ne5 Nb4 15. Bb1 Bd7 16. Ra3 Bc6
17. Ne2 Nd7 18. Bxe7 Qxe7 19. Rg3 Rfd8 20. Qc1 Kf8 21. Bh7 Nf6
22. Nf4 Be8 23. Rf3 Nc6 24. Rd1 Rxd4 25. Rxd4 Nxd4 26. Rd3 Nc6
0-1

[Event "Dortmund"]
[Site "Dortmund GER"]
[Date "2013.08.04"]
[EventDate "2013.07.26"]
[Round "9"]
[Result "1-0"]
[White "Arkadij Naiditsch"]
[Black "Igor Khenkin"]
[WhiteElo "2710"]
[BlackElo "2605"]
[PlyCount "73"]

1. e4 c6 2. d4 d5 3. e5 c5 4. Nf3 cxd4 5. Nxd4 Nc6 6. c4 e6
7. Nc3 Bc5 8. Nxc6 bxc6 9. cxd5 cxd5 10. b4 Bb6 11. Nb5 Bc7
12. Bb2 Ne7 13. Bd3 a6 14. Nxc7+ Qxc7 15. O-O Bd7 16. Qg4 O-O
17. Rfc1 Qd8 18. a4 Ng6 19. Rc5 Qb8 20. Qd4 Rc8 21. Ra5 Qb7
22. g3 h6 23. b5 axb5 24. axb5 Rxa5 25. Rxa5 Ra8 26. Ra6 Qc8
27. h4 Rb8 28. b6 Qc6 29. Ra7 Be8 30. Ra6 Bd7 31. h5 Nf8
32. Ba3 Bc8 33. Ra7 Qxb6 34. Rxf7 Kxf7 35. Qf4+ Ke8 36. Qxf8+
Kd7 37. Bb5+ 1-0

[Event "5th Danzhou Tournament"]
[Site "Danzhou CHN"]
[Date "2014.06.30"]
[EventDate "2014.06.25"]
[Round "5"]
[Result "1/2-1/2"]
[White "Arkadij Naiditsch"]
[Black "Ruslan Ponomariov"]
[WhiteElo "2705"]
[BlackElo "2723"]
[PlyCount "59"]

1. e4 e5 2. Nf3 Nc6 3. Bb5 Nf6 4. O-O Nxe4 5. d4 Nd6 6. dxe5
Nxb5 7. a4 Nbd4 8. Nxd4 Nxd4 9. Qxd4 d5 10. exd6 Qxd6 11. Qe3+
Be6 12. Nc3 a6 13. Rd1 Qc6 14. Rd3 Be7 15. Nb5 Bc4 16. Rd1 Rd8
17. Rxd8+ Kxd8 18. Nd4 Qd7 19. Qc3 Bd5 20. Bf4 Bf6 21. Rd1 Re8
22. Qc5 Bxd4 23. Bxc7+ Kc8 24. Qxd4 Kxc7 25. f3 Qe6 26. Qxd5
Qe3+ 27. Kf1 Qe2+ 28. Kg1 Qe3+ 29. Kf1 Qe2+ 30. Kg1 1/2-1/2

[Event "Dortmund Sparkassen Chess Meeting"]
[Site "Dortmund GER"]
[Date "2014.07.16"]
[EventDate "2014.07.12"]
[Round "4"]
[Result "1/2-1/2"]
[White "Arkadij Naiditsch"]
[Black "Vladimir Kramnik"]
[WhiteElo "2705"]
[BlackElo "2777"]
[PlyCount "94"]

1. e4 e5 2. Nf3 Nc6 3. Bb5 Nf6 4. O-O Nxe4 5. d4 Nd6 6. Bxc6
dxc6 7. dxe5 Nf5 8. Qxd8+ Kxd8 9. h3 Ke8 10. Nc3 h5 11. Bf4
Be7 12. Rad1 Bd7 13. g3 Rd8 14. Bg5 Nh6 15. Kg2 Bf5 16. Rxd8+
Bxd8 17. Bxd8 Kxd8 18. Rd1+ Ke7 19. Rd2 a5 20. Nd4 Bc8 21. f3
Rd8 22. g4 c5 23. Nb3 Rxd2+ 24. Nxd2 Ke6 25. Nc4 hxg4 26. hxg4
Bd7 27. a4 b6 28. Kg3 g5 29. b3 Bc6 30. f4 gxf4+ 31. Kxf4 Ng8
32. Ne4 Bxe4 33. Kxe4 Ne7 34. Nd2 Nd5 35. Nf3 Nc3+ 36. Kd3 Nd1
37. Ke2 Nc3+ 38. Kd3 Nd1 39. Ke2 Nc3+ 40. Kd2 Nd5 41. c3 Nf4
42. Ke3 Nh3 43. c4 c6 44. Ke2 Nf4+ 45. Ke3 Nh3 46. Ke2 Nf4+
47. Ke3 Nh3 1/2-1/2